| 000 | 00528nam a22001937a 4500 | ||
|---|---|---|---|
| 999 |
_c25639 _d25639 |
||
| 003 | OSt | ||
| 005 | 20210614120318.0 | ||
| 008 | 170322b xxu||||| |||| 00| 0 eng d | ||
| 020 | _a670001082 | ||
| 040 |
_aMMU _beng _cMMU _dMMU |
||
| 050 | _aDS779.27.L586 1970 | ||
| 100 | _aKing John Fairbank | ||
| 245 |
_aThe united states and china/ _cJohn King Fairbank |
||
| 250 | _aRevised ed | ||
| 260 |
_aNew York: _bThe Viking Press, _c1970. |
||
| 300 | _axiii,369 p,; | ||
| 650 | _aUnited states and china | ||
| 942 |
_2lcc _cLOAN LOAN |
||